000 00700nam a2200241Ia 4500
003 OSt
005 20221005044446.0
006 a|||||r|||| 00| 0
007 ta
008 221004b |||||||| |||| 00| 0 eng d
024 _a65078
037 _cTextual
040 _aCRL
_cCRL
_beng
041 _2eng
_aeng
082 _aV271CM:71, J8
100 _aSankalia Hasmukh Dhirajlal ,etc
245 0 _aExcavations at Maheshwar and Navdatoli 1952-53
260 _aIndia
_bM S University publication
_c1958
490 _aDeccan college research institute
650 _aHISTORY
942 _hV271CM:71, J8
_cTEXL
_2cc
999 _c953422
_d953422